000 00866nam a2200253 a 4500
001 000032751
003 OSt
005 20240412074256.0
008 110726s1926 dr 000 0 spa d
040 _aDO-SdBNP
_bspa
_cBNPHU
049 _aBNPD
082 4 _aRD861.42
_bJ61a
100 1 _aJimenes Grullón, J. I.
_952789
245 1 0 _aAguas de remanso :
_bpoemas en prosa /
_cJ. I. Jimenes Grullón ; prefacio por V. García Calderón; introducción por Ángel Rafael Lamarche
260 _aParis :
_b Excelsior,
_c1926.
300 _a119 p. ;
_c18 cm.
590 _aInventariado, 2021 / DG
650 4 _aPoesía dominicana
_976726
650 0 _aLiteratura dominicana.
_967
700 1 _aGarcía Calderón , V.
_eprefacio
_976727
700 1 _aLamarche, Ángel Rafael
_eintroducción
_924282
910 _aValidado. Control de calidad, MFF
942 _2ddc
_cLF1
999 _c32242
_d32242